Sociálne zabezpečenie aplikačné praktikum

Na minha lista:
Detalhes bibliográficos
Autor principal: Rievajová, Eva
Autor Corporativo: Ekonomická univerzita v Bratislave. Národohospodárska fakulta
Outros Autores: Krausová, Alena, Rišňovský, Ľudovít, Szabová, Angela
Formato: Livro
Idioma:eslovaco
Publicado em: Bratislava Vydavateľstvo EKONÓM 1999
Assuntos:
Tags: Adicionar Tag
Sem tags, seja o primeiro a adicionar uma tag!

MARC

LEADER 00000nam a2200000 4500
001 c106521
005 20221102132853.6
020 |a 80-225-1068-8 
041 0 |a slo 
044 |a SK 
245 1 0 |a Sociálne zabezpečenie  |b aplikačné praktikum  |c Eva Rievajová a kolektív 
264 1 |a Bratislava  |b Vydavateľstvo EKONÓM  |c 1999 
300 |a 148 s. 
610 2 0 |a zabezpečenie sociálne 
610 2 0 |a mzdy minimálne 
610 2 0 |a minimum existenčné 
610 2 0 |a poistenie sociálne 
610 2 0 |a poistenie nemocenské 
610 2 0 |a zabezpečenie dôchodkové 
610 2 0 |a dávky sociálne 
610 2 0 |a pomoc sociálna 
610 2 0 |a transformácia 
610 2 0 |a hospodárstvo trhové 
610 2 0 |a Slovensko 
100 1 |a Rievajová, Eva 
700 1 |a Krausová, Alena 
700 1 |a Rišňovský, Ľudovít 
700 1 |a Szabová, Angela 
710 2 |a Ekonomická univerzita v Bratislave. Národohospodárska fakulta